000 00430nam a2200121Ia 4500
008 220620s9999||||xx |||||||||||||| ||und||
245 4 _aThe Archaeology of Fazzan, Volume 2
_bSite Gazetteer, Pottery and other Survey Finds
546 _aEnglish[eng]
650 _aSocial Science||Archaeology
700 _aMattingly, David J.
856 _uhttps://library.oapen.org/bitstream/20.500.12657/54095/1/external_content.pdf
942 _cEB
999 _c32889
_d32889